<?xml version="1.0" encoding="UTF-8"?>
<record
    xmlns:xsi="http://www.w3.org/2001/XMLSchema-instance"
    xsi:schemaLocation="http://www.loc.gov/MARC21/slim http://www.loc.gov/standards/marcxml/schema/MARC21slim.xsd"
    xmlns="http://www.loc.gov/MARC21/slim">

  <leader>01654nam a22001577a 4500</leader>
  <controlfield tag="008">140616b        xxu||||| |||| 00| 0 eng d</controlfield>
  <datafield tag="020" ind1=" " ind2=" ">
    <subfield code="a">9964303068</subfield>
  </datafield>
  <datafield tag="050" ind1=" " ind2=" ">
    <subfield code="a">P94.65.A35.I54</subfield>
  </datafield>
  <datafield tag="100" ind1=" " ind2=" ">
    <subfield code="a">Kyeremeh-Ansu,Kwasi.</subfield>
  </datafield>
  <datafield tag="245" ind1=" " ind2=" ">
    <subfield code="a">Indigenous communication in Africa:concept,applications and prospects. /</subfield>
    <subfield code="c">Kyeremeh-Ansu, Kwasi.</subfield>
  </datafield>
  <datafield tag="260" ind1=" " ind2=" ">
    <subfield code="a">Ghana.:</subfield>
    <subfield code="b">Ghana Univ.Press,</subfield>
    <subfield code="c">2005.</subfield>
  </datafield>
  <datafield tag="300" ind1=" " ind2=" ">
    <subfield code="a">xv,282p.:</subfield>
    <subfield code="b">ill;</subfield>
    <subfield code="c">22cm.</subfield>
  </datafield>
  <datafield tag="500" ind1=" " ind2=" ">
    <subfield code="a">Includes index and bibliography.</subfield>
  </datafield>
  <datafield tag="505" ind1=" " ind2=" ">
    <subfield code="a">Contents: Indigenous communication in Africa: a conceptual framework -- In search of a role for the African media in the democratic process -- A Taxonomy of traditional media in Africa -- The Use of indigenous entertainment forms in development communication in Africa -- Theatre for development and the empowerment of development support communication in Africa -- From ritual to theatre: village based drama for development in Africa -- Forum theatre: a cultural forum of communication -- Indigenous resources in a Ghanaian town: potential for health education -- Training Africa media personnel: some psycho-cultural considerations -- Communication in an Akan political system -- ''Ni nde?'': a case study of radio soap operas in Burundi -- Texts in objects: the generation of a gendered text in Mityana Women's Club Festival songs and performances -- Combining modern and traditional media forms in promoting development objective in Africa -- Towards effective communication policies and strategies for Africa -- Indigenous communication in the age of the internet:from the village conversational spot to the internet website -- ''Digitized storytelling''.</subfield>
  </datafield>
  <datafield tag="942" ind1=" " ind2=" ">
    <subfield code="2">lcc</subfield>
    <subfield code="c">BK</subfield>
  </datafield>
  <datafield tag="999" ind1=" " ind2=" ">
    <subfield code="c">2993</subfield>
    <subfield code="d">10493</subfield>
  </datafield>
  <datafield tag="952" ind1=" " ind2=" ">
    <subfield code="0">0</subfield>
    <subfield code="1">0</subfield>
    <subfield code="2">lcc</subfield>
    <subfield code="4">0</subfield>
    <subfield code="7">0</subfield>
    <subfield code="a">WIUC-1</subfield>
    <subfield code="b">WIUC-1</subfield>
    <subfield code="c">REF</subfield>
    <subfield code="d">2014-06-16</subfield>
    <subfield code="l">0</subfield>
    <subfield code="o">P94.65.A35.I.541</subfield>
    <subfield code="p">7775/202/14</subfield>
    <subfield code="r">2014-06-16 00:00:00</subfield>
    <subfield code="t">1</subfield>
    <subfield code="w">2014-06-16</subfield>
    <subfield code="y">BK</subfield>
  </datafield>
  <datafield tag="952" ind1=" " ind2=" ">
    <subfield code="0">0</subfield>
    <subfield code="1">0</subfield>
    <subfield code="2">lcc</subfield>
    <subfield code="4">0</subfield>
    <subfield code="7">0</subfield>
    <subfield code="a">WIUC-1</subfield>
    <subfield code="b">WIUC-1</subfield>
    <subfield code="c">REF</subfield>
    <subfield code="d">2014-06-16</subfield>
    <subfield code="l">0</subfield>
    <subfield code="o">P94.65.A35.I.54</subfield>
    <subfield code="p">7776/203/14</subfield>
    <subfield code="r">2014-06-16 00:00:00</subfield>
    <subfield code="t">2</subfield>
    <subfield code="w">2014-06-16</subfield>
    <subfield code="y">BK</subfield>
  </datafield>
</record>
